American Politicians — Sudden Death - Statistics

General Stats
  • This quiz has been taken 104 times
  • The average score is 6 of 10
Answers on the Grid
Answers color-coded by a green-red scale on the quiz's grid according to % correct below.
Al Gore
Alberto Anzar
Alex Attwood
Alfonso Rus
Anne Helm
Arnold Schwarzenegger
Austin Currie
Claire Hanna
Cory Booker
Denis Haughey
Dick Cheney
Ilhan Omar
Ivan Cooper
J.B. Pritzker
Jennifer Lopez
Jimmy Carter
Joe Henderson
John Hume
Joseph Quinn
Marcel Bauer
Mario Arana
Mario Cuomo
Mark Durkman
Michael Coyle
Mitchell Trubisky
Stephen King
Steve King
Zohran Mamdani
 
Answer Stats
Answer % Correct
Al Gore
97%
Jimmy Carter
85%
Arnold Schwarzenegger
80%
Dick Cheney
80%
Mario Cuomo
57%
Cory Booker
50%
Zohran Mamdani
48%
Ilhan Omar
42%
J.B. Pritzker
37%
Steve King
30%
No matching quizzes found
Score Distribution
Percent of People with Each Score
Percentile by Number Answered
Your Score History
You have not taken this quiz